2024 Movies - Statistics

General Stats
  • This quiz has been taken 171 times
  • The average score is 25 of 42
Answer Stats
Picture Answer % Correct
Inside Out 2
91%
Sonic The Hedgehog 3
91%
The Garfield Movie
91%
Kung Fu Panda 4
90%
Dune: Part Two
88%
Deadpool & Wolverine
87%
Joker: Folie a Deux
87%
Wicked
87%
Venom: The Last Dance
86%
Mean Girls
84%
Despicable Me 4
83%
Beetlejuice Beetlejuice
82%
Gladiator II
81%
Transformers One
78%
Mufasa: The Lion King
77%
Ghostbusters: Frozen Empire
75%
Twisters
71%
Madame Web
70%
Bob Marley: One Love
65%
Challengers
65%
Bad Boys: Ride Or Die
63%
Furiosa: A Mad Max Saga
58%
IF
58%
Alien: Romulus
57%
The Fall Guy
55%
A Quiet Place: Day One
52%
Kraven The Hunter
51%
Borderlands
49%
The Beekeeper
47%
Harold And The Purple Crayon
42%
Godzilla x Kong: The New Empire
40%
Kingdom Of The Planet Of The Apes
40%
Trap
40%
Argylle
37%
Speak No Evil
32%
Night Swim
27%
Imaginary
26%
Drive-Away Dolls
18%
The Lord Of The Rings: The War Of The Rohirrim
18%
The Watchers
16%
Orion And The Dark
13%
Lift
12%
No matching quizzes found
Score Distribution
Percent of People with Each Score
Percentile by Number Answered
Your Score History
You have not taken this quiz